000 00334nam a2200121Ia 4500
008 190216s9999||||xx |||||||||||||| ||und||
100 _aBallantyne R M
245 4 _aThe Coral Island
260 _bE J Arnold & Son Ltd
_c1968
300 _a96p
650 _aEnglish Stories-English Stories-English Stories-English Stories
942 _cBK
999 _c11939
_d11939